Najmniejsze Miasta W Polsce - Statystyki

Ogólne statystyki
  • Ten quiz został rozwiązany 32 razy
  • Średni wynik to 5 z 20
Statystyki odpowiedzi
Liczba Mieszkańców Miasto Województwo % Poprawnych
307 Opatowiec świętokrzyskie
87%
477 Wiślica świętokrzyskie
52%
877 Wyśmierzyce mazowieckie
39%
912 Nowy Korczyn świętokrzyskie
35%
829 Inowłódz łódzkie
30%
759 Koszyce świętokrzyskie
30%
919 Parzęczew łódzkie
26%
801 Dubiecko podkarpackie
22%
881 Goraj lubelskie
22%
403 Kazanów mazowieckie
22%
732 Ciepielów mazowieckie
17%
848 Działoszyce świętokrzyskie
17%
831 Kiernozia łódzkie
17%
904 Przytyk mazowieckie
17%
873 Turobin lubelskie
17%
900 Bolimów łódzkie
13%
776 Gielniów mazowieckie
13%
869 Pruszcz kujawsko-pomorskie
13%
892 Brody lubuskie
9%
920 Józefów Nad Wisłą lubelskie
9%
Nie znaleziono quizów pasujących do podanych kryteriów
Rozkład punktacji
Procent ludzi z każdym wynikiem
Percentyl według liczby udzielonych odpowiedzi
Twoja historia wyników
Nie rozwiązałeś tego quizu